[Event "Let's Play Chess!"]
[Site "http://www.queenalice.com/game.php?id=1291051"]
[Date "2014.6.28"]
[Round "-"]
[White "igorjava"]
[Black "vanderleiboth"]
[Result "0-1"]
[WhiteElo "1883"]
[BlackElo "2105"]

1. e4 c5 2. Nf3 Nc6 3. d4 cxd4 4. Nxd4 Nf6 5. Nc3 e5 6. Nb3 Bb4 7. Bd3 d5 8. a3
Bxc3+ 9. bxc3 dxe4 10. Bc4 Qxd1+ 11. Kxd1 O-O 12. h3 Rd8+ 13. Ke2 Nd5 14. Bxd5
Rxd5 15. Bg5 Rd6 16. Rhd1 Rg6 17. Bd8 Rxg2 18. Bc7 Bxh3 19. Nc5 Rc8 20. Bd6 Bg4+
21. Ke3 Na5 22. Rf1 Nc4+ 23. Kxe4 Nxd6+ 24. Kxe5 Nb5 25. Ne4 Re8+ 26. Kf4 g5+
27. Nxg5 Nxc3 28. f3 Nd5# 0-1

[Event "Let's Play Chess!"]
[Site "http://www.queenalice.com/game.php?id=1291080"]
[Date "2014.6.28"]
[Round "-"]
[White "vanderleiboth"]
[Black "bjonil60"]
[Result "1-0"]
[WhiteElo "2186"]
[BlackElo "1183"]

1. Nf3 Nc6 2. e4 d6 3. d4 a6 4. Bd3 h6 5. h3 f6 6. d5 Na7 7. Nc3 b6 8. Bf4 g5 9.
Bh2 e6 10. O-O e5 11. Qe2 Ne7 12. Bxa6 Bxa6 13. Qxa6 Nac6 14. Qb5 Kd7 15. dxc6+
Nxc6 16. Nd5 Rb8 17. Nd2 Bg7 18. Nb4 Qf8 19. Nxc6 Kc8 20. Nxb8 Kxb8 21. a4 Kb7
22. a5 Ka7 23. axb6+ Kb7 24. bxc7+ Kxc7 25. Ra7+ Kd8 26. Qd7# 1-0

[Event "AUTO-MASTER-2136"]
[Site "http://www.queenalice.com/game.php?id=1300838"]
[Date "2014.8.11"]
[Round "1"]
[White "guy92"]
[Black "vanderleiboth"]
[Result "0-1"]
[WhiteElo "1871"]
[BlackElo "2111"]

1. d4 Nf6 2. c4 g6 3. Nc3 d5 4. Nf3 c6 5. cxd5 cxd5 6. Bf4 Nc6 7. e3 Nh5 8. Bg3
Nxg3 9. hxg3 Bg7 10. Bb5 O-O 11. Kd2 a6 12. Bd3 e5 13. dxe5 Be6 14. a3 Nxe5 15.
Nxe5 Bxe5 16. f4 Bg7 17. Rb1 d4 18. exd4 Qxd4 19. Ke2 Bg4+ 0-1

[Event "AUTO-MASTER-2136"]
[Site "http://www.queenalice.com/game.php?id=1300839"]
[Date "2014.8.11"]
[Round "1"]
[White "vanderleiboth"]
[Black "guy92"]
[Result "1-0"]
[WhiteElo "2116"]
[BlackElo "1999"]

1. d4 Nf6 2. c4 d5 3. cxd5 Qxd5 4. Nc3 Qd8 5. Nf3 e6 6. e4 Bb4 7. Bd3 Nbd7 8.
O-O b6 9. e5 Nd5 10. Nxd5 exd5 11. Qb3 Be7 12. Qxd5 Rb8 13. Qb3 Bb7 14. Re1 Bxf3
15. gxf3 O-O 16. Qc2 g6 17. Bh6 Re8 18. e6 Nf6 19. exf7+ Kxf7 20. Bc4+ Nd5 21.
Bxd5+ Qxd5 22. Re5 Qxf3 23. Qc4+ Kf6 24. Qe6# 1-0

[Event "AUTO-MASTER-2136"]
[Site "http://www.queenalice.com/game.php?id=1300846"]
[Date "2014.8.11"]
[Round "1"]
[White "luhosavi"]
[Black "vanderleiboth"]
[Result "0-1"]
[WhiteElo "2147"]
[BlackElo "2137"]

1. d4 Nf6 2. c4 e6 3. Nc3 Bb4 4. Qc2 c5 5. dxc5 Bxc5 6. Nf3 Nc6 7. e3 d5 8. a3
O-O 9. b4 Bd6 10. c5 Bb8 11. Bb2 a5 12. b5 Ne5 13. Nxe5 Bxe5 14. Bd3 Qe7 15. f4
Bc7 16. O-O e5 17. b6 Bb8 18. Nb5 Ng4 19. Bxh7+ Kh8 20. Rf3 g6 21. Bxg6 fxg6 22.
Qxg6 Qg7 0-1

[Event "AUTO-MASTER-2136"]
[Site "http://www.queenalice.com/game.php?id=1300847"]
[Date "2014.8.11"]
[Round "1"]
[White "vanderleiboth"]
[Black "luhosavi"]
[Result "1-0"]
[WhiteElo "2149"]
[BlackElo "2135"]

1. e4 c5 2. Nf3 Nc6 3. Nc3 g6 4. d4 cxd4 5. Nxd4 Bg7 6. Be3 Nf6 7. Nxc6 bxc6 8.
e5 Nd5 9. Nxd5 cxd5 10. Qxd5 Rb8 11. O-O-O Bb7 12. Qd4 O-O 13. f4 d6 14. Qxa7
Qc8 15. Qd4 Qc7 16. Qc4 Qa5 17. Kb1 Rfc8 18. Qb5 Qa8 19. Rd2 dxe5 20. fxe5 Bf3
21. Qd3 Bxe5 22. Bd4 Be4 23. Bxe5 Bxd3 24. Bxd3 1-0

[Event "AUTO-MASTER-2149"]
[Site "http://www.queenalice.com/game.php?id=1305817"]
[Date "2014.9.3"]
[Round "1"]
[White "vanderleiboth"]
[Black "Joaquim_Manoel"]
[Result "1-0"]
[WhiteElo "2130"]
[BlackElo "1865"]

1. e4 Nf6 2. e5 Nd5 3. d4 e6 4. Nf3 d6 5. c4 Nb6 6. Bd3 d5 7. c5 N6d7 8. O-O Nc6
9. Nc3 Be7 10. Be3 Nf8 11. Qb3 Ng6 12. a3 a6 13. Qc2 Nh4 14. Nxh4 Bxh4 15. Bxh7
Bd7 16. Bd3 Ne7 17. g3 Ng6 18. Bxg6 Bg5 19. Bd3 Qe7 20. Qd2 Bh6 21. Bxh6 Rxh6
22. f4 Qf8 23. f5 Qh8 24. fxe6 Bxe6 25. Bf5 O-O-O 26. Bxe6+ fxe6 27. Rf7 c6 28.
Raf1 g5 29. Nxd5 exd5 30. Qa5 1-0

[Event "AUTO-MASTER-2149"]
[Site "http://www.queenalice.com/game.php?id=1305818"]
[Date "2014.9.3"]
[Round "1"]
[White "Joaquim_Manoel"]
[Black "vanderleiboth"]
[Result "0-1"]
[WhiteElo "1847"]
[BlackElo "2134"]

1. e4 e6 2. Nf3 d5 3. exd5 exd5 4. d4 Nf6 5. Nc3 Be7 6. Be2 O-O 7. Bg5 Nc6 8.
O-O Be6 9. Re1 Ne4 10. Bxe7 Qxe7 11. Nb1 Qb4 12. Qc1 Nxd4 13. c3 Nxe2+ 14. Rxe2
Qb6 15. Nd4 Rae8 16. Nd2 Nd6 17. Nxe6 Rxe6 18. Rxe6 fxe6 19. Nf3 e5 20. Nxe5
Rxf2 21. Kh1 Ne4 22. Nd3 Rd2 23. h3 Rxd3 24. Qf4 Qxb2 25. Rf1 Ng3+ 26. Kh2 Nxf1+
27. Qxf1 Qxc3 28. Qf5 Re3 29. Qxd5+ Kf8 30. Qf5+ Ke7 31. Qxh7 Qe5+ 0-1

[Event "AUTO-MASTER-2149"]
[Site "http://www.queenalice.com/game.php?id=1305822"]
[Date "2014.9.3"]
[Round "1"]
[White "Andrez"]
[Black "vanderleiboth"]
[Result "0-1"]
[WhiteElo "1908"]
[BlackElo "2124"]

1. g4 d5 2. g5 e5 3. d3 Nc6 4. Bg2 Bd6 5. h4 Bg4 6. Nc3 Nge7 7. f3 Be6 8. a3 d4
9. Nb5 Bc5 10. a4 O-O 11. Bd2 a6 12. Na3 Nf5 13. f4 Qd6 14. Qc1 Rad8 15. Nf3 Ne3
16. Bxe3 dxe3 17. fxe5 Nxe5 18. c3 Nxd3+ 19. exd3 Qg3+ 20. Kf1 Qf2# 0-1